| 000 | 00508nam a22002057a 4500 | ||
|---|---|---|---|
| 005 | 20231012140734.0 | ||
| 008 | 191202b xxu||||| |||| 00| 0 spa d | ||
| 041 | _aspa | ||
| 082 | _a394.2972.86 F954c | ||
| 100 |
_aFuentes Rivera, Evelia _945038 |
||
| 245 | _aConmemoraciones escolares | ||
| 260 | _aCosta Rica | ||
| 260 | _bSusaeta | ||
| 260 | _c1997 | ||
| 300 | _a225 páginas | ||
| 650 | _aCONMEMORACIONES ESCOLARES | ||
| 650 | _aCOSTA RICA | ||
| 650 | _aHISTORIA | ||
| 942 |
_cLIT _2ddc |
||
| 999 |
_c12526 _d12526 |
||